000 00401nam a2200169Ia 4500
005 20250627022051.0
008 240331s9999 xx 000 0 und d
020 _a9558160008
082 _bPER
_a364
100 _aPerera,G
245 0 _aSiyadivi nasaganeema
260 _aDehiwala
_bWatma Publishers
_c1998
300 _a104 p .,
650 _aPsychological
650 _aphilosophical
942 _cL
999 _c5108
_d5108